| Поле | Инд. | ПП | Название | Значение |
|---|---|---|---|---|
| Тип записи | a | |||
| Библиографический уровень | a | |||
| 001 | Контрольный номер | 52184b1bb3944adf8907d51137091f4a | ||
| 005 | Дата корректировки | 20200407131656.7 | ||
| 100 | a | Данные общей обработки | 20190518 ||| 0rusy0189 ca | |
| 101 | 0_ | a | Язык текста | rus |
| 102 | a | Страна публикации | RU | |
| 200 | 1_ | f | Первые сведения об ответственности | Н.В. Акимова |
| a | Заглавие | Становление концептуальных основ правовой политики в сфере борьбы с преступностью в Московском государстве. Часть II | ||
| b | Общее обозначение материала | Текст | ||
| 210 | 1_ | d | Дата издания | 2019 |
| 461 | _0 | 1 | 2000 | |
| a | История государства и права | |||
| 463 | _0 | 1 | 2000 | |
| a | № 3 | |||
| v | С. 74-79 | |||
| 1 | 2101 | |||
| d | 2019 | |||
| 1 | 001a3e68eaf38224c9190e51dcbef4918bf | |||
| 606 | a | Основная рубрика | Право. Юридические науки | |
| x | Основная подрубрика | Уголовное право | ||
| 610 | 0_ | a | Ключевые слова | ИСТОРИЯ ПРАВА РОССИИ |
| a | Ключевые слова | УГОЛОВНАЯ ПОЛИТИКА | ||
| a | Ключевые слова | ПРЕСТУПЛЕНИЕ ПРОФИЛАКТИКА | ||
| 700 | _1 | a | Фамилия | Акимова |
| b | Имя | Н.В. | ||
| 801 | _0 | a | Страна | RU |
| b | Организация | РГУП | ||
| c | Дата составления | 20190518 | ||
| g | Правила каталогизации | PSBO | ||
| 801 | _1 | a | Страна | RU |
| b | Организация | РГУП | ||
| c | Дата составления | 20190518 | ||
| g | Правила каталогизации | PSBO | ||
| 901 | t | Тип документа | b | |
| w | Контрольный № источника | a3e68eaf38224c9190e51dcbef4918bf | ||
| 905 | a | Дата ввода | 20190518 |